Solved problems and worksheets in algebra 2 / (Record no. 298070)
[ view plain ]
| 000 -LEADER | |
|---|---|
| fixed length control field | 00491nam a22001577a 4500 |
| 003 - CONTROL NUMBER IDENTIFIER | |
| control field | SISC |
| 005 - DATE AND TIME OF LATEST TRANSACTION | |
| control field | 20160728143822.0 |
| 008 - FIXED-LENGTH DATA ELEMENTS--GENERAL INFORMATION | |
| fixed length control field | 160728b xxu||||| |||| 00| 0 eng d |
| 020 ## - INTERNATIONAL STANDARD BOOK NUMBER | |
| International Standard Book Number | 9789718172001 |
| 050 ## - LIBRARY OF CONGRESS CALL NUMBER | |
| Classification number | QA 152.2 |
| Item number | .T649 2015 |
| 100 ## - MAIN ENTRY--PERSONAL NAME | |
| Personal name | Tolentino, Romeo Q. |
| 245 ## - TITLE STATEMENT | |
| Title | Solved problems and worksheets in algebra 2 / |
| Statement of responsibility, etc | Romeo Q. Tolentino, Delia S. Fainsan. |
| 260 ## - PUBLICATION, DISTRIBUTION, ETC. (IMPRINT) | |
| Place of publication, distribution, etc | Manila : |
| Name of publisher, distributor, etc | Booklore Publishing, |
| Date of publication, distribution, etc | 2015. |
| 300 ## - PHYSICAL DESCRIPTION | |
| Extent | 193 pages : |
| Other physical details | illustrations ; |
| Dimensions | 26 cm. |
| 942 ## - ADDED ENTRY ELEMENTS (KOHA) | |
| Source of classification or shelving scheme | Library of Congress Classification |
| Koha item type | Books |
| Withdrawn status | Lost status | Source of classification or shelving scheme | Damaged status | Home library | Current library | Shelving location | Date acquired | Source of acquisition | Sub Shelving location | Total Checkouts | Full call number | Barcode | Date last seen | Price effective from | Koha item type |
|---|---|---|---|---|---|---|---|---|---|---|---|---|---|---|---|
| Library of Congress Classification | College Library | College Library | Filipiniana Section | 07/28/2016 | Donation | QA 152.2 .T649 2015 | C20650 | 05/08/2018 | 07/28/2016 | Books |